| 000 | 00416nam a22001457a 4500 | ||
|---|---|---|---|
| 020 | _a9787508536583 | ||
| 082 |
_a808.02 _bGUO 2019 |
||
| 100 | _aCHEN GUO | ||
| 245 |
_aAbove the "ladders to heaven" : the story of a rural teacher couple _cCHEN GUO |
||
| 260 |
_aChina _bIntercontinental Press _c2019 |
||
| 300 | _a175p | ||
| 563 | _aP.B | ||
| 942 |
_2ddc _cBK |
||
| 999 |
_c589149 _d589149 |
||